00685nam a2200205 a 450000100060000000300080000600500170001400800410003103500190007204000360009104100080012708200240013510000310015924501560019026000280034630000290037450400370040365000250044065000140046561401BD-RjUL20211209080945.0170117s1953 enka b 001 0 eng  a(BD-RjUL)61525 aDLCcODaWUdOCoLCdBD-RjULbeng aeng a389.1223bBEH 19531 aBerriman, Algernon Edward.10aHistorical metrology :ba new analysis of the archaeological and the historical evidence relating to weights and measures /cAlgernon Edward Berriman,  aLondon :bDutton,c1953 a224 p. :bill. ;c20 cm. aIncludes bibliography. and index 0aWeights and measures 0aMetrology